| 000 | 00843nam a2200241 a 4500 | ||
|---|---|---|---|
| 001 | BRL_1610 | ||
| 005 | 20190320211304.0 | ||
| 008 | 140414s1960----mx-a######---#000-0#spa-# | ||
| 041 | _aspa | ||
| 044 | _amx | ||
| 050 | 4 |
_aF1386 _b.D76 1960 |
|
| 100 | 1 |
_aDromundo, Baltazar _927436 |
|
| 245 | 1 | 0 |
_aCedulario de la metrópoli mexicana _cpresentación de Baltazar Dromundo ; selección y notas de Guadalupe Pérez San Vicente. |
| 260 |
_aMéxico _bDepartamende del Distrito Federal, Dirección de Accción Social _c1960 |
||
| 300 |
_a63 p. _bil. _c32 cm. |
||
| 500 | _aAu872 | ||
| 500 | _aEn la portada: ´VII Feria Mexicana del Libro´ | ||
| 651 | 4 |
_aCiudad de México _xHistoria _9691 |
|
| 651 | 4 |
_aCiudad de México _xVida social y costumbres _927437 |
|
| 700 | 1 |
_aPérez San Vicente, Guadalupe _927438 |
|
| 902 | _aGRL | ||
| 942 |
_2lcc _cB |
||
| 999 |
_c10419 _d10419 |
||